Peter Pan (Record no. 68569)

MARC details
000 -LÍDER
campo de controle de tamanho fixo 00236 a2200109 4500
001 - NÚMERO DE CONTROLE
campo de controle 68569
040 ## - FONTE DA CATALOGAÇÃO
Instituição que transcreveu o registro Anchieta - Itaigara
240 10 - TÍTULO UNIFORME
Título uniforme Peter Pan
Idioma da obra
245 10 - TÍTULO
Título Peter Pan
650 #4 - ASSUNTO--TERMO TÓPICO
Cabeçalho tópico ou nome geográfico Literatura infanto-juvenil em inglês
942 ## - ELEMENTOS DE ENTRADA ADICIONADOS (KOHA)
Tipo de material Koha Música
Holdings
Situação do descarte Situação das perdas Situação física Não pode ser emprestado Biblioteca de origem Biblioteca atual Data de aquisição Total de empréstimos Número de chamada completo Código de barras Data de último acesso Data do preço efetivo Tipo de material Koha
        Colégio São Paulo Colégio São Paulo 21/11/2023   028.573 PET 97/ITA 21/11/2023 21/11/2023 Música